000 00703nam a22002057a 4500
005 20251108174539.0
008 250721s2008 xx 000 0 ara d
082 1 4 _a216.22/محس
100 1 _aالمحسي، أبي الحارث طاهر بن نجم الدين
_eمؤلف
245 1 0 _aإعلام أهل العصر بسنية الركعتين بعد العصر /
264 1 _aعمان :
_bالدار الأثرية،
_c2008.
300 _a99 ص.
650 1 7 _aالاسلام
650 1 7 _aالفقه الاسلامي
650 1 7 _aالعبادات
650 1 7 _aالصلوات
700 1 _aآل سلمان، أبو عبيدة مشهور بن حسن
942 _2ddc
_cBK
999 _c111933
_d111933